Football - Anciens joueurs du FC Barcelone (moins de 60 matchs) - Statistiques

Statistiques générales
  • Ce quiz a été pris 382 fois
  • Le résultat moyen est 9 sur 16
Statistiques - réponses
Nationalité - Dernier club Saisons Poste Réponse % Correct
Gabon - Olympique de Marseille 2021 - 2022 Attaquant Pierre-Emerick Aubameyang
94%
Bosnie-Herzégovine - Sharjah FC 2020 - 2021 Milieu Miralem Pjanić
84%
Suède - AC Milan (retraité) 2009 - 2010 Attaquant Zlatan Ibrahimović
84%
France - Aston Villa 2016 - 2018 Défenseur Lucas Digne
78%
Turquie - Galatasaray (retraité) 2015 - 2018 Milieu Arda Turan
74%
Colombie - Cagliari 2017 - 2018 Défenseur Yerry Mina
72%
Espagne - Fulham 2013 - 2015 / 2021 - 2022 Attaquant Adama Traoré
70%
Pays-Bas - PSV Eindhoven 2021 - 2022 Attaquant Luuk de Jong
70%
Brésil - Al-Hilal 2018 - 2019 Attaquant Malcom
66%
Pays-Bas - NEC Nimègue 2016 - 2019 Gardien Jasper Cillessen
57%
Brésil - SC Corinthians 2017 - 2018 Milieu Paulinho
49%
Espagne - Udinese 2011 - 2013 / 2017 - 2018 Attaquant Gerard Deulofeu
43%
Mexique - Club América 2009 - 2014 Milieu Jonathan dos Santos
31%
Espagne - Chelsea 2018 - 2019 Défenseur Marc Cucurella
30%
Portugal - Vitória Guimarães (sans club) 2003 - 2004 Attaquant Ricardo Quaresma
22%
Belarus - Isloch Minsk Raion (retraité) 2008 - 2009 Milieu Aliaksandr Hleb
17%
Aucun quiz correspondant
Distribution des résultats
% des personnes avec chaque résultat
Percentile par nombre de réponses
Votre historique - résultats
Vous n’avez pas pris ce quiz